Introducción al proyecto
Kaydedildi:
| Yazar: | |
|---|---|
| Materyal Türü: | Kitap |
| Dil: | İspanyolca |
| Baskı/Yayın Bilgisi: |
Ciudad de México
Herrero
1973
|
| Edisyon: | 3a. ed |
| Seri Bilgileri: | Fundamentos y estudios de diseño y proyecto en ingeniería
|
| Konular: | |
| Etiketler: |
Etiketle
Etiket eklenmemiş, İlk siz ekleyin!
|
MARC
| LEADER | 00000nam a2200000 a 4500 | ||
|---|---|---|---|
| 001 | UCU4111 | ||
| 003 | CL-VaPUC | ||
| 008 | 960517e19730000MX |||||||||||||||||spa|d | ||
| 082 | 0 | 4 | |a 658.403 |b ASI |2 21 |
| 100 | 0 | |a Asimow, Morris |e author |9 361535 | |
| 245 | 1 | 0 | |a Introducción al proyecto |
| 250 | |a 3a. ed | ||
| 300 | |a 187 p | ||
| 942 | |c BK | ||
| 945 | |d 19960517 00:00:00 |a paguirre | ||
| 260 | |a Ciudad de México |b Herrero |c 1973 | ||
| 650 | 0 | |a Optimización |9 339671 | |
| 650 | 0 | |a Investigación operativa |9 259383 | |
| 650 | 0 | |a Ingeniería |9 259380 | |
| 650 | 7 | |a PLANIFICACION |2 CL-VaPUC |9 260802 | |
| 650 | 7 | |a PROCESOS LOGICOS |2 CL-VaPUC |9 361117 | |
| 650 | 0 | |a Aplicaciones de computadores |9 260401 | |
| 583 | |a last modification |c 19960517 00:00:00 |k Rodrigo Vera | ||
| 490 | 0 | |a Fundamentos y estudios de diseño y proyecto en ingeniería | |
| 999 | |c 247927 |d 247925 | ||
| 952 | |0 0 |1 0 |4 0 |6 658_403000000000000_ASI_1973 |7 0 |8 A |9 264188 |a BIBING |b BIBING |d 2019-11-19 |i 1661469 |o 658.403 ASI 1973 |p 1661469 |r 2025-01-20 |w 2019-11-19 |y BK |k ING | ||